书目信息 |
| 题名: |
客观知识
|
|
| 作者: | 波普尔 著 ;舒炜光 译 | |
| 分册: | ||
| 出版信息: | 上海 上海译文出版社 2005.09 |
|
| 页数: | 403页 | |
| 开本: | 21cm | |
| 丛书名: | ||
| 单 册: | ||
| 中图分类: | B561.59 | |
| 科图分类: | ||
| 主题词: | 进化学说--jin hua xue shuo--研究 | |
| 电子资源: | ||
| ISBN: | 7-5327-3811-6 | |
| 000 | 01147nam0 2200277 450 | |
| 001 | 012007094212 | |
| 005 | 20070924100535.35 | |
| 010 | @a7-5327-3811-6@dCNY26.00 | |
| 100 | @a20070813d2005 km y0chiy0120 ea | |
| 101 | 1 | @achi@ceng |
| 102 | @aCN@b310000 | |
| 105 | @ay a 000yy | |
| 200 | 1 | @a客观知识@Ake guan zhi shi@d= Objective knowledge@e一个进化论的研究@f(英) 卡尔·波普尔著@F(ying)ka er·bo pu er zhu@g舒炜光等译@Gshu wei guang deng yi@zeng |
| 210 | @a上海@c上海译文出版社@d2005.09 | |
| 215 | @a403页@d21cm | |
| 305 | @a据牛津大学出版社1972年第1版译出。 | |
| 320 | @a有书目。 | |
| 330 | @a本书是作者后期的重要论著,他提出了著名的“知识进化论”和“三个世界”的理论,全书九章,包括:猜想的知识、常识的二重性、没有认识主体的认识论、关于客观心灵的理论、科学的目的等。 | |
| 500 | 10 | @aObjective knowledge : an evolutionary approach@mChinese |
| 517 | 1 | @a一个进化论的研究@Ayi ge jin hua lun de yan jiu |
| 606 | 0 | @a进化学说@Ajin hua xue shuo@x研究 |
| 690 | @aB561.59@v4 | |
| 701 | 1 | @a波普尔@Abo pu er@g(Popper, Karl R.),@f1902-1994@4著 |
| 702 | 0 | @a舒炜光@Ashu wei guang@4译 |
| 801 | 0 | @aCN@c20070924 |
| 905 | @dB561.59@eB860 | |
| 客观知识= Objective knowledge:一个进化论的研究/(英) 卡尔·波普尔著/舒炜光等译.-上海:上海译文出版社,2005.09 |
| 403页;21cm |
| ISBN 7-5327-3811-6:CNY26.00 |
| 本书是作者后期的重要论著,他提出了著名的“知识进化论”和“三个世界”的理论,全书九章,包括:猜想的知识、常识的二重性、没有认识主体的认识论、关于客观心灵的理论、科学的目的等。 |
| ● |
| 相关链接 |
|
|
|
正题名:客观知识
索取号:B561.59/B860
 
预约/预借
| 序号 | 登录号 | 条形码 | 馆藏地/架位号 | 状态 | 备注 |
| 1 | 258337 | 202583374 | 社科库509/509社科库 18排3列3层/ [索取号:B561.59/B860] | 在馆 | |
| 2 | 258338 | 202583383 | 社科库509/509社科库 18排3列3层/ [索取号:B561.59/B860] | 在馆 | |
| 3 | 258339 | 202583392 | 社科库509/509社科库 18排3列3层/ [索取号:B561.59/B860] | 在馆 |